000 00331nam a2200133 i 4500
001 bg
100 1 _aSOSNOWSKI, Leszek
245 0 _aOrganizacja Jedności Afrykańskiej 1963-1977 /
_cLeszek Sosnowski.
260 _aKraków,
_c1977.
040 _cBPK
041 _apol
942 _cKS
008 s pl f |000 0 pol
999 _c17783
_d17783
856 _uhttp://koha.tu.koszalin.pl/cgi-bin/koha/opac-detail.pl?biblionumber=17783
_yKatalog online BPK